Science : (Record no. 5225)
[ view plain ]
| 000 -LEADER | |
|---|---|
| fixed length control field | 01581nam a22003137a 4500 |
| 001 - CONTROL NUMBER | |
| control field | 5225 |
| 003 - CONTROL NUMBER IDENTIFIER | |
| control field | FISKH |
| 005 - DATE AND TIME OF LATEST TRANSACTION | |
| control field | 20241120110658.0 |
| 008 - FIXED-LENGTH DATA ELEMENTS--GENERAL INFORMATION | |
| fixed length control field | 241120b cb ||||| |||| 00| 0 eng d |
| 020 ## - INTERNATIONAL STANDARD BOOK NUMBER | |
| International Standard Book Number | 9781621450092 |
| 040 ## - CATALOGING SOURCE | |
| Original cataloging agency | FISKH |
| Language of cataloging | eng |
| Transcribing agency | FISKH |
| Modifying agency | FISKH |
| 050 ## - LIBRARY OF CONGRESS CALL NUMBER | |
| Classification number | Q172.E77 |
| 082 ## - DEWEY DECIMAL CLASSIFICATION NUMBER | |
| Classification number | 500 |
| 100 ## - MAIN ENTRY--PERSONAL NAME | |
| Personal name | Donald, Graeme |
| 245 ## - TITLE STATEMENT | |
| Title | Science : |
| Remainder of title | All the Facts that Turned out to be Science Fiction / |
| Statement of responsibility, etc. | by Graeme Donald |
| 250 ## - EDITION STATEMENT | |
| Edition statement | First published in Great Britain in 2011 |
| 260 ## - PUBLICATION, DISTRIBUTION, ETC. | |
| Place of publication, distribution, etc. | New York : |
| Name of publisher, distributor, etc. | The Reader's Digest Association, Inc ; |
| Date of publication, distribution, etc. | 2013. |
| 300 ## - PHYSICAL DESCRIPTION | |
| Extent | 190 pages : |
| Other physical details | illustrations ; |
| Dimensions | 21 cm . |
| 490 ## - SERIES STATEMENT | |
| Series statement | They got in wrong |
| 505 ## - FORMATTED CONTENTS NOTE | |
| Formatted contents note | Z <br/> |
| 520 ## - SUMMARY, ETC. | |
| Summary, etc. | "The fascinating stories behind 50 scientific theories that were once regarded as facts but history proved were pure fictions.This is an innovative way into some truly zany bits of science and history that will surely fascinate readers. They Got It Wrong: Science tells the story behind 50 scientific theories that were once widely believed to be true, but history has since proved to be wrong, and the consequences it brought on at the time. Contents include: When the Earth was Flat, Tobacco can cure a variety of Health Problems, All Base metals can be turned into gold, how the physical measurements of the skull correlate to a person's personality, and more"-- |
| 521 8# - TARGET AUDIENCE NOTE | |
| Target audience note | 1080 <br/> |
| Source | Lexile estimate <br/> |
| 521 8# - TARGET AUDIENCE NOTE | |
| Target audience note | Z <br/> |
| Source | Raz-Plus <br/> |
| 650 ## - SUBJECT ADDED ENTRY--TOPICAL TERM | |
| Topical term or geographic name entry element | science |
| Form subdivision | non-fiction |
| 650 ## - SUBJECT ADDED ENTRY--TOPICAL TERM | |
| Topical term or geographic name entry element | medical |
| Form subdivision | non-fiction |
| 650 ## - SUBJECT ADDED ENTRY--TOPICAL TERM | |
| Topical term or geographic name entry element | history |
| Form subdivision | non-fiction |
| 942 ## - ADDED ENTRY ELEMENTS (KOHA) | |
| Source of classification or shelving scheme | Dewey Decimal Classification |
| Koha item type | Books |
| Suppress in OPAC | No |
| Withdrawn status | Lost status | Source of classification or shelving scheme | Damaged status | Not for loan | Collection | Home library | Current library | Shelving location | Date acquired | Total Checkouts | Full call number | Barcode | Date last seen | Date last checked out | Price effective from | Koha item type |
|---|---|---|---|---|---|---|---|---|---|---|---|---|---|---|---|---|
| Dewey Decimal Classification | Non-Fiction | Footprints International School Library Network Toul Kork Campus | Footprints International School Library Network Toul Kork Campus | TTP Secondary Non-Fiction Bookshelves | 11/20/2024 | 1 | DON 500 Q172.E77 | FISSE02151 | 03/04/2025 | 03/04/2025 | 11/20/2024 | Books |
